000 00291nam a22001337a 4500
008 170616b xxu||||| |||| 00| 0 eng d
020 _a9780192818430
041 _aeng
080 _a94
100 _a16
101 _aSHH
245 _aTHE FRENCH REVOLUTION
_c CARLYLE,TH
942 _2udc
_cBK
999 _c17970
_d17970